000 00595nam a22002297a 4500
003 UA-OsUOA
001 70182
007 ta
008 20100901b un ||||| |||| 00| 0 ukr d
100 _aШтаерман Е. М.
090 _a2(37)
_bШ87
942 _cBK
040 _aUA-OsUOA
_brus
_cUA-OsUOA
_dUA-OsUOA
245 _aСоциальные основы религии древнего Рима
300 _a318 с.
955 _a3
041 _arus
080 _a2(37)
260 _aМ.
_bНаука
_c1987
650 7 _a2 Релігія. Теологія.
_2UDC
999 _c356455
_d356455